[Event "Abu Dhabi op-A 30th"]
[Site "Abu Dhabi"]
[Date "2024.08.19"]
[Round "4"]
[White "Priansh, Das"]
[Black "Xie, Kaifan"]
[Result "1/2-1/2"]
[WhiteElo "2280"]
[BlackElo "2391"]
[PlyCount "38"]
[EventDate "2024.08.15"]
[EventType "swiss"]
[EventRounds "9"]
[EventCountry "UAE"]
[SourceTitle "EXT 2025"]
[Source "ChessBase"]
[SourceDate "2024.10.14"]
[SourceVersion "1"]
[SourceVersionDate "2024.10.14"]
[SourceQuality "1"]

1. e4 c6 2. d4 d5 3. exd5 cxd5 4. Bd3 Nc6 5. c3 Nf6 6. Bf4 Bg4 7. Qb3 e5 8. h3 Na5 9. Qc2 exf4 10. hxg4 Nxg4 11. Qe2+ Qe7 12. Nh3 Nf6 13. Nxf4 g6 14. Nd2 Qxe2+ 15. Kxe2 Bd6 16. Kf3 0-0 17. a4 Rac8 18. g3 Rfe8 19. Rae1 h5 1/2-1/2

[Event "Abu Dhabi op-A 30th"]
[Site "Abu Dhabi"]
[Date "2024.08.17"]
[Round "3"]
[White "Xie, Kaifan"]
[Black "Karavade, Eesha"]
[Result "1/2-1/2"]
[WhiteElo "2391"]
[BlackElo "2256"]
[PlyCount "76"]
[EventDate "2024.08.15"]
[EventType "swiss"]
[EventRounds "9"]
[EventCountry "UAE"]
[SourceTitle "EXT 2025"]
[Source "ChessBase"]
[SourceDate "2024.10.14"]
[SourceVersion "1"]
[SourceVersionDate "2024.10.14"]
[SourceQuality "1"]

1. d4 d5 2. c4 c6 3. Nf3 Nf6 4. Nc3 e6 5. Bg5 Be7 6. e3 Nbd7 7. Qc2 h6 8. Bh4 0-0 9. a3 b6 10. cxd5 cxd5 11. Bd3 Bb7 12. 0-0 Rc8 13. Qa4 a6 14. Qb3 Bd6 15. Rac1 b5 16. Rc2 Rc7 17. Rfc1 Qb8 18. Bg3 Bxg3 19. hxg3 Rfc8 20. a4 bxa4 21. Nxa4 Rxc2 22. Rxc2 Rxc2 23. Qxc2 Qc8 24. Nc5 a5 25. Bb5 Qc7 26. Nd2 Bc8 27. Ndb3 Ne4 28. Qc1 Ndxc5 29. dxc5 Qb7 30. Nd4 e5 31. Bc6 Qb4 32. Nf3 Be6 33. Nxe5 Nxc5 34. Be8 d4 35. exd4 Qxd4 36. Nc6 Nb3 37. Nxd4 Nxc1 38. Bb5 Bd5 1/2-1/2

[Event "CHN-chT Div-A"]
[Site "Fuling"]
[Date "2024.06.26"]
[Round "1.2"]
[White "Xu, Jun"]
[Black "Xie, Kaifan"]
[Result "0-1"]
[WhiteElo "2471"]
[BlackElo "2376"]
[PlyCount "60"]
[EventDate "2024.06.26"]
[EventType "team-swiss"]
[EventRounds "11"]
[EventCountry "CHN"]
[SourceTitle "CBM 221 Extra"]
[Source "ChessBase"]
[SourceDate "2024.09.30"]
[SourceVersion "1"]
[SourceVersionDate "2024.09.30"]
[SourceQuality "1"]
[WhiteTeam "Jiangshu"]
[BlackTeam "Guangdong"]
[WhiteTeamCountry "CHN"]
[BlackTeamCountry "CHN"]

1. c4 Nf6 2. Nc3 e5 3. Nf3 Nc6 4. a3 d5 5. cxd5 Nxd5 6. Qc2 Be7 7. e3 Nxc3 8. Qxc3 Qd6 9. d3 0-0 10. Nd2 a5 11. b3 Rd8 12. Bb2 Bf5 13. Nc4 Qg6 14. e4 Be6 15. Qc1 f6 16. Nd2 Rac8 17. g3 Qf7 18. Qc2 Nd4 19. Bxd4 Rxd4 20. Be2 Qf8 21. Nc4 b5 22. Nxa5 c5 23. 0-0 Qd8 24. Qc3 Qb6 25. Rfc1 Bd8 26. b4 cxb4 27. Qxc8 Bxc8 28. Nb3 Be6 29. Nxd4 Qxd4 30. axb4 Bb6 0-1